000 00295nam a22001337a 4500
008 170424b xxu||||| |||| 00| 0 eng d
020 _a9780618120789
041 _aeng
080 _24TH
_a54
100 _a12
101 _aSHM
245 _aCHEMICAL PRINCIPLES
_cZUMDAHL, S.S
942 _2udc
_cBK
999 _c11764
_d11764